[Event "Pula op 32nd"]
[Site "Pula"]
[Date "2018.06.28"]
[Round "7"]
[White "Mayr, Thomas"]
[Black "Saric, Ante"]
[Result "0-1"]
[WhiteElo "2218"]
[BlackElo "2543"]
[PlyCount "76"]
[EventDate "2018.06.23"]
[EventType "swiss"]
[EventRounds "9"]
[EventCountry "CRO"]
[SourceTitle "CBM 185 Extra"]
[Source "ChessBase"]
[SourceDate "2018.07.29"]
[SourceVersion "1"]
[SourceVersionDate "2018.07.29"]
[SourceQuality "1"]

1. e4 c5 2. Ne2 Nc6 3. c4 Nf6 4. Nbc3 e6 5. d4 cxd4 6. Nxd4 Bb4 7. Nxc6 bxc6 8. Bd3 e5 9. 0-0 d6 10. Na4 Be6 11. f4 exf4 12. Bxf4 Ng4 13. Be2 Ne5 14. a3 Ba5 15. c5 Bc7 16. Qc2 0-0 17. cxd6 Bxd6 18. Bg3 Qe7 19. Qc3 f6 20. Rac1 Rab8 21. b4 a5 22. Nc5 axb4 23. axb4 Bf7 24. Rfd1 Rfd8 25. Rd4 h6 26. Rcd1 Kh7 27. h3 Bg6 28. Bg4 Bxc5 29. bxc5 Rxd4 30. Qxd4 Rb3 31. Bxe5 fxe5 32. Qc4 Rb5 33. Rd6 Qg5 34. Qd3 Rxc5 35. Rxg6 Rc1+ 36. Kf2 Qf4+ 37. Bf3 Kxg6 38. Ke2 Kh7 0-1

[Event "Pula op 32nd"]
[Site "Pula"]
[Date "2018.06.25"]
[Round "4"]
[White "Loncar, Robert"]
[Black "Mayr, Thomas"]
[Result "1-0"]
[WhiteElo "2423"]
[BlackElo "2218"]
[PlyCount "73"]
[EventDate "2018.06.23"]
[EventType "swiss"]
[EventRounds "9"]
[EventCountry "CRO"]
[SourceTitle "CBM 185 Extra"]
[Source "ChessBase"]
[SourceDate "2018.07.29"]
[SourceVersion "1"]
[SourceVersionDate "2018.07.29"]
[SourceQuality "1"]

1. d4 Nf6 2. c4 c5 3. d5 d6 4. Nc3 e5 5. e4 Be7 6. h3 Nbd7 7. Bd3 Nf8 8. Be3 Ng6 9. g3 h6 10. f3 Nh7 11. h4 0-0 12. Qc2 Bd7 13. a3 a6 14. Nge2 Rb8 15. b4 cxb4 16. axb4 Qc7 17. Kd2 Rfc8 18. Rhc1 Qd8 19. Qb3 Nf6 20. Nd1 Qf8 21. Qa3 Ne8 22. Ba7 Ra8 23. Bb6 Nc7 24. Qa5 Bd8 25. Ne3 Ne7 26. Rf1 Rab8 27. f4 Na8 28. Bxd8 Qxd8 29. fxe5 dxe5 30. Qxd8+ Rxd8 31. c5 Nc8 32. d6 Bc6 33. Nc3 Na7 34. Bc4 Be8 35. Ncd5 Nc6 36. Kc3 Rbc8 37. Nf5 1-0

[Event "AUT-chT2O 1213"]
[Site "Austria"]
[Date "2012.11.17"]
[Round "3.6"]
[White "Wurdits, Robert"]
[Black "Mayr, Thomas"]
[Result "1/2-1/2"]
[WhiteElo "2053"]
[BlackElo "2125"]
[PlyCount "74"]
[EventDate "2012.10.06"]
[EventType "team-tourn"]
[EventRounds "11"]
[EventCountry "AUT"]
[SourceTitle "EXT 2014"]
[Source "ChessBase"]
[SourceDate "2013.11.20"]
[SourceVersion "1"]
[SourceVersionDate "2013.11.20"]
[SourceQuality "1"]
[WhiteTeam "Lackenbach"]
[BlackTeam "Eichgraben"]
[WhiteTeamCountry "AUT"]
[BlackTeamCountry "AUT"]

1. e4 e5 2. c4 c5 3. Nc3 Nc6 4. Nf3 g6 5. d3 Bg7 6. Be2 Nge7 7. g4 d6 8. h3 a6 9. Bd2 Rb8 10. a4 Bd7 11. Nd5 Nxd5 12. exd5 Nb4 13. Ng5 f5 14. Ne6 Bxe6 15. dxe6 0-0 16. Bxb4 cxb4 17. gxf5 Rxf5 18. Bg4 Rf4 19. Qb3 h5 20. Be2 Qe7 21. Qxb4 Qxe6 22. Qb6 Bh6 23. c5 Rf6 24. Qxd6 Qxd6 25. cxd6 Rxd6 26. Rg1 Kf7 27. Rg3 Bf4 28. Rg1 Rb6 29. Rb1 Rb4 30. b3 a5 31. Bf3 b5 32. Bd5+ Kf6 33. axb5 R4xb5 34. Bc4 Rb4 35. Ra1 a4 36. bxa4 Ra8 37. a5 Rxa5 1/2-1/2

[Event "Pula op 25th"]
[Site "Pula"]
[Date "2011.06.19"]
[Round "2"]
[White "Mencinger, Vojko"]
[Black "Mayr, Thomas"]
[Result "1-0"]
[WhiteElo "2399"]
[BlackElo "2127"]
[PlyCount "43"]
[EventDate "2011.06.18"]
[EventType "swiss"]
[EventRounds "9"]
[EventCountry "CRO"]
[SourceTitle "CBM 143 Extra"]
[Source "ChessBase"]
[SourceDate "2011.08.29"]
[SourceVersion "1"]
[SourceVersionDate "2011.08.29"]
[SourceQuality "1"]

1. e4 e5 2. Nf3 Nc6 3. Bb5 f5 4. Nc3 Nf6 5. exf5 Be7 6. 0-0 0-0 7. Bxc6 dxc6 8. Nxe5 Bxf5 9. d4 Bd6 10. Qe2 Re8 11. Bg5 Qc8 12. f4 c5 13. dxc5 Bxc5+ 14. Kh1 Bd6 15. Rae1 h6 16. Bxf6 gxf6 17. Qh5 fxe5 18. fxe5 Bxe5 19. Nd5 c6 20. Rxf5 cxd5 21. Rfxe5 Rxe5 22. Qg6+ 1-0

[Event "AUT-chT2O 0809"]
[Site "Austria"]
[Date "2008.10.04"]
[Round "2.6"]
[White "Sadilek, Peter"]
[Black "Mayr, Thomas"]
[Result "1/2-1/2"]
[WhiteElo "2183"]
[BlackElo "2120"]
[PlyCount "68"]
[EventDate "2008.10.03"]
[EventType "team-tourn"]
[EventRounds "11"]
[EventCountry "AUT"]
[SourceTitle "EXT 2009"]
[Source "ChessBase"]
[SourceDate "2008.11.26"]
[SourceVersion "1"]
[SourceVersionDate "2008.11.26"]
[SourceQuality "1"]
[WhiteTeam "Waehring"]
[BlackTeam "Eichgraben"]
[WhiteTeamCountry "AUT"]
[BlackTeamCountry "AUT"]

1. d4 d5 2. c4 c6 3. Nf3 Nf6 4. Nc3 g6 5. Bf4 Bg7 6. e3 0-0 7. h3 Nbd7 8. Rc1 Qa5 9. Qd2 dxc4 10. Bxc4 b5 11. Bd3 Bb7 12. 0-0 a6 13. Nd5 Qd8 14. Bc7 Qe8 15. Nxf6+ Bxf6 16. Be4 Rc8 17. Qa5 Nb8 18. Qb6 Qd7 19. Bg3 e6 20. Ne5 Bxe5 21. Bxe5 Ba8 22. Rc2 Qe7 23. Bxb8 Rxb8 24. Qxa6 c5 25. Bxa8 Rxa8 26. Qxb5 cxd4 27. exd4 Rxa2 28. Rfc1 Qf6 29. Qb6 Kg7 30. Rc7 Rd8 31. R7c4 Rd5 32. Qb3 Ra8 33. Qc3 Rad8 34. b4 Rxd4 1/2-1/2

[Event "AUT-chT2O 0607"]
[Site "Austria"]
[Date "2007.01.20"]
[Round "6.6"]
[White "Galavics, Hermann"]
[Black "Mayr, Thomas"]
[Result "1/2-1/2"]
[WhiteElo "2098"]
[BlackElo "2130"]
[PlyCount "80"]
[EventDate "2006.10.06"]
[EventType "team-tourn"]
[EventRounds "11"]
[EventCountry "AUT"]
[SourceTitle "EXT 2007"]
[Source "ChessBase"]
[SourceDate "2006.11.23"]
[SourceVersion "1"]
[SourceVersionDate "2006.11.23"]
[SourceQuality "1"]
[WhiteTeam "Lackenbach"]
[BlackTeam "Eichgraben/Pressbaum"]
[WhiteTeamCountry "AUT"]
[BlackTeamCountry "AUT"]

1. d4 Nf6 2. c4 e6 3. Nf3 b6 4. g3 Ba6 5. b3 Bb4+ 6. Bd2 Be7 7. Bg2 c6 8. Ne5 d5 9. Bc3 Nfd7 10. Nxd7 Nxd7 11. Nd2 0-0 12. Bb2 Rb8 13. 0-0 b5 14. cxb5 cxb5 15. a3 Bb7 16. e4 dxe4 17. Nxe4 Nf6 18. Qe2 Bd5 19. Nd2 Bxg2 20. Kxg2 Qd5+ 21. Qf3 a5 22. Rfc1 Rfc8 23. Qxd5 Nxd5 24. Ne4 h6 25. Rxc8+ Rxc8 26. Rc1 Rxc1 27. Bxc1 Kf8 28. Kf3 Ke8 29. a4 bxa4 30. bxa4 Bb4 31. Bb2 Kd7 32. Ke2 Kc6 33. Kd3 Nb6 34. Nc3 f5 35. f3 g6 36. Ba1 g5 37. Bb2 h5 38. h3 Bxc3 39. Bxc3 Nxa4 40. Bxa5 Kd5 1/2-1/2

[Event "AUT-chT2O 0607"]
[Site "Austria"]
[Date "2006.10.06"]
[Round "1.6"]
[White "Mayr, Thomas"]
[Black "Newrkla, Katharina"]
[Result "1-0"]
[WhiteElo "2130"]
[BlackElo "2039"]
[PlyCount "61"]
[EventDate "2006.10.06"]
[EventType "team-tourn"]
[EventRounds "11"]
[EventCountry "AUT"]
[SourceTitle "EXT 2007"]
[Source "ChessBase"]
[SourceDate "2006.11.23"]
[SourceVersion "1"]
[SourceVersionDate "2006.11.23"]
[SourceQuality "1"]
[WhiteTeam "Eichgraben/Pressbaum"]
[BlackTeam "Wien Austria"]
[WhiteTeamCountry "AUT"]
[BlackTeamCountry "AUT"]

1. e4 c5 2. Ne2 d6 3. c4 Nf6 4. Nbc3 g6 5. d4 cxd4 6. Nxd4 Bg7 7. Be2 0-0 8. Be3 Nc6 9. 0-0 Bd7 10. f3 Qa5 11. Qd2 Rfc8 12. Rab1 Nxd4 13. Bxd4 Be6 14. b4 Qd8 15. Nd5 Nd7 16. Be3 Ne5 17. Rbc1 b6 18. h3 Bxd5 19. cxd5 Rxc1 20. Rxc1 Rc8 21. Rc2 Rxc2 22. Qxc2 a5 23. a3 axb4 24. axb4 Nd7 25. Qc6 Ne5 26. Qxb6 Qc8 27. f4 Nd7 28. Qc6 Qd8 29. Bb5 Nf6 30. Bd3 Qb8 31. b5 1-0

[Event "AUT-chT2O 0506"]
[Site "Austria"]
[Date "2006.02.25"]
[Round "8.1"]
[White "Mayr, Thomas"]
[Black "Froschauer, Hans"]
[Result "1-0"]
[WhiteElo "2128"]
[BlackElo "2140"]
[PlyCount "115"]
[EventDate "2005.11.19"]
[EventType "team"]
[EventRounds "11"]
[EventCountry "AUT"]
[SourceTitle "EXT 2006"]
[Source "ChessBase"]
[SourceDate "2005.11.24"]
[SourceVersion "1"]
[SourceVersionDate "2005.11.24"]
[SourceQuality "1"]
[WhiteTeam "Eichgraben"]
[BlackTeam "Pamhagen"]
[WhiteTeamCountry "AUT"]
[BlackTeamCountry "AUT"]

1. e4 c5 2. Ne2 Nc6 3. c4 g6 4. d4 cxd4 5. Nxd4 Bg7 6. Be3 Nf6 7. Nc3 d6 8. Be2 Bd7 9. 0-0 0-0 10. f3 a6 11. Qd2 Rc8 12. Rac1 Nxd4 13. Bxd4 Bc6 14. b4 Nh5 15. Be3 Bd7 16. Nd5 Be6 17. a4 Nf6 18. Nb6 Rb8 19. Rfd1 Nd7 20. a5 Nxb6 21. Bxb6 Qe8 22. b5 f5 23. exf5 gxf5 24. bxa6 bxa6 25. c5 dxc5 26. Bxa6 Qa4 27. Qe2 Bb3 28. Bc4+ Bxc4 29. Rxc4 Qa3 30. Qxe7 Qb3 31. Rdc1 Bd4+ 32. Kh1 Rxb6 33. axb6 Qxb6 34. Re1 Qb2 35. Rcc1 Qd2 36. Red1 Qf2 37. Rb1 Qe3 38. Qxe3 Bxe3 39. Rb7 Bd4 40. g3 Re8 41. Rd2 Rc8 42. Rd7 Rf8 43. Re2 Rf7 44. Rxf7 Kxf7 45. Kg2 Kf6 46. f4 Kf7 47. h3 h5 48. Kf1 c4 49. Ke1 c3 50. Kd1 Bf6 51. Kc2 Bd4 52. Kd3 Bf6 53. Rc2 Ke6 54. Ra2 Kf7 55. Ra6 Kg7 56. Rxf6 Kxf6 57. Kxc3 Ke6 58. Kc4 1-0

[Event "Oberwart op"]
[Site "Oberwart"]
[Date "2004.07.11"]
[Round "2"]
[White "Klenburg, Mikhail"]
[Black "Mayr, Thomas"]
[Result "1-0"]
[WhiteElo "2399"]
[BlackElo "2128"]
[PlyCount "139"]
[EventDate "2004.07.10"]
[EventType "swiss"]
[EventRounds "9"]
[EventCountry "AUT"]
[SourceTitle "CBM 103 Extra"]
[Source "ChessBase"]
[SourceDate "2005.01.01"]
[SourceVersion "1"]
[SourceVersionDate "2005.01.01"]
[SourceQuality "1"]

1. g3 d5 2. Bg2 Nf6 3. d3 g6 4. Nf3 Bg7 5. 0-0 0-0 6. Nbd2 Nbd7 7. e4 dxe4 8. dxe4 e5 9. b3 b6 10. Bb2 Ba6 11. Re1 Qe7 12. a4 Rfe8 13. a5 h6 14. Qc1 Kh7 15. Bc3 c5 16. Nf1 Bb7 17. N3d2 b5 18. a6 Bc6 19. Ne3 Nb6 20. Bb2 c4 21. bxc4 bxc4 22. Nexc4 Nxc4 23. Nxc4 Qc5 24. Na5 Bb5 25. Nb7 Qb6 26. Ba3 Bxa6 27. Nc5 Bc4 28. Qe3 Bf8 29. Reb1 Qc6 30. Nb7 Bxa3 31. Qxa3 Be6 32. Qc5 Bd7 33. Qxc6 Bxc6 34. Ra6 Bxb7 35. Rxb7 Kg7 36. Raxa7 Rxa7 37. Rxa7 Rc8 38. Ra2 Rc4 39. f3 Ne8 40. Bf1 Rc3 41. Bd3 Nc7 42. Kf2 Ne6 43. Ke3 g5 44. Ra5 Nc5 45. Rb5 Nxd3 46. cxd3 f6 47. Rb2 Ra3 48. Rf2 Kg6 49. f4 exf4+ 50. gxf4 Ra5 51. f5+ Kf7 52. h4 Rb5 53. Rh2 Kg7 54. hxg5 hxg5 55. Ra2 Rb7 56. Ra3 Rd7 57. d4 Re7 58. Ra1 Rb7 59. Ra3 Re7 60. Rd3 Kf7 61. Rb3 Kg7 62. Rb5 Ra7 63. e5 fxe5 64. dxe5 Ra3+ 65. Ke4 Ra4+ 66. Kd5 Rf4 67. Rb7+ Kf8 68. Ke6 Ra4 69. Kf6 Ke8 70. e6 1-0

[Event "AUT-chT2O 0304"]
[Site "Austria"]
[Date "2004.02.01"]
[Round "9.5"]
[White "Mayr, Thomas"]
[Black "Waller, Helmut"]
[Result "1/2-1/2"]
[WhiteElo "2106"]
[BlackElo "2115"]
[PlyCount "113"]
[EventDate "2003.10.25"]
[EventType "team-tourn"]
[EventRounds "11"]
[EventCountry "AUT"]
[SourceTitle "EXT 2005"]
[Source "ChessBase"]
[SourceDate "2004.11.15"]
[SourceVersion "1"]
[SourceVersionDate "2004.11.15"]
[SourceQuality "1"]
[WhiteTeam "Eichgraben/Pressbaum"]
[BlackTeam "Amstetten"]
[WhiteTeamCountry "AUT"]
[BlackTeamCountry "AUT"]

1. e4 c5 2. Ne2 e5 3. c4 Nf6 4. d3 d6 5. g3 Nc6 6. Bg2 Be7 7. Nbc3 Bg4 8. h3 Bd7 9. Be3 Nd4 10. 0-0 0-0 11. f4 exf4 12. Nxf4 Ne6 13. Kh2 Rb8 14. Rf2 a6 15. g4 b5 16. Nfd5 Nxd5 17. exd5 Nd4 18. Qd2 f5 19. g5 g6 20. Bf4 Re8 21. Ne2 Nxe2 22. Rxe2 Bf8 23. Rae1 Rxe2 24. Rxe2 Qb6 25. b3 Re8 26. Rxe8 Bxe8 27. Qe3 Bf7 28. Qd2 b4 29. Qf2 a5 30. Qg3 Qd8 31. Qe3 Qe8 32. d4 Qxe3 33. Bxe3 cxd4 34. Bxd4 Be7 35. h4 Bd8 36. Kg3 Be8 37. Kf4 Bc7 38. Bf1 a4 39. Bd3 Kf7 40. Ke3 axb3 41. axb3 Bd7 42. c5 dxc5 43. Bxc5 Bg3 44. Bxb4 Bxh4 45. Kf4 Bf2 46. Bc4 Bb6 47. Bd6 Bd8 48. b4 h6 49. gxh6 g5+ 50. Kf3 Kg6 51. Bc5 Kxh6 52. b5 Bc7 53. b6 Bb8 54. Be7 Kg6 55. Bd8 g4+ 56. Kf2 f4 57. Ba6 1/2-1/2

[Event "AUT-chT2O 0203"]
[Site "Austria"]
[Date "2002.10.26"]
[Round "2.5"]
[White "Mayr, Thomas"]
[Black "Savio, Alfred"]
[Result "1/2-1/2"]
[WhiteElo "2086"]
[BlackElo "2066"]
[PlyCount "46"]
[EventDate "2002.10.25"]
[EventType "team-tourn"]
[EventRounds "11"]
[EventCountry "AUT"]
[SourceTitle "EXT 2020"]
[Source "ChessBase"]
[SourceDate "2019.10.17"]
[SourceVersion "1"]
[SourceVersionDate "2019.10.17"]
[SourceQuality "1"]
[WhiteTeam "Eichgraben/Pressbaum"]
[BlackTeam "Mattersburg"]
[WhiteTeamCountry "AUT"]
[BlackTeamCountry "AUT"]

1. e4 d5 2. exd5 Nf6 3. d4 Nxd5 4. Nf3 Bf5 5. c3 e6 6. Qb3 Nb6 7. Be2 Bd6 8. Be3 Nc6 9. 0-0 0-0 10. c4 Nb4 11. c5 Nc2 12. Na3 Nxa1 13. Rxa1 Be7 14. cxb6 axb6 15. Nc4 Be4 16. Ncd2 Bd5 17. Bc4 c6 18. Bxd5 exd5 19. Rc1 Bd6 20. a3 Re8 21. Qd3 Qf6 22. Bg5 Qg6 23. Qxg6 hxg6 1/2-1/2

[Event "Oberwart op"]
[Site "Oberwart"]
[Date "2002.07.07"]
[Round "3"]
[White "Lendwai, Reinhard"]
[Black "Mayr, Thomas"]
[Result "1-0"]
[WhiteElo "2390"]
[BlackElo "2086"]
[PlyCount "93"]
[EventDate "2002.07.05"]
[EventType "swiss"]
[EventRounds "9"]
[EventCountry "AUT"]
[SourceTitle "CBM 089 Extra"]
[Source "ChessBase"]
[SourceDate "2002.09.10"]
[SourceVersion "2"]
[SourceVersionDate "2002.09.10"]
[SourceQuality "1"]

1. e4 e6 2. d3 c5 3. Nf3 d5 4. Nbd2 Nf6 5. g3 Be7 6. Bg2 0-0 7. 0-0 Nc6 8. Re1 dxe4 9. dxe4 e5 10. c3 Qc7 11. Nc4 Be6 12. Qe2 Rfe8 13. Ng5 Bg4 14. f3 Bh5 15. a4 h6 16. Nh3 Na5 17. Nf2 Nb3 18. Ra3 Nxc1 19. Rxc1 Nd7 20. Raa1 Nb6 21. Ne3 Bg5 22. Nfd1 Rad8 23. a5 Nc8 24. h4 Bxe3+ 25. Nxe3 Ne7 26. Bh3 Bg6 27. Nc4 f5 28. Rd1 fxe4 29. Be6+ Kh8 30. fxe4 Nc6 31. Bd5 Rf8 32. Rf1 Qe7 33. a6 b5 34. Bxc6 bxc4 35. Bd5 Rxf1+ 36. Qxf1 Rf8 37. Qe2 Bf7 38. Rf1 Bxd5 39. Rxf8+ Qxf8 40. exd5 Qf6 41. Kg2 Qd6 42. Qxc4 Qe7 43. Kf3 g5 44. hxg5 hxg5 45. b4 cxb4 46. cxb4 Qe8 47. Ke4 1-0

[Event "AUT-chT2O 0001"]
[Site "Austria"]
[Date "2001.??.??"]
[Round "9"]
[White "Mayr, Thomas"]
[Black "Schwaninger, Wolfgang"]
[Result "0-1"]
[WhiteElo "2045"]
[BlackElo "2105"]
[PlyCount "76"]
[EventDate "2000.??.??"]
[EventType "team"]
[EventRounds "11"]
[EventCountry "AUT"]
[SourceTitle "EXT 2003"]
[Source "ChessBase"]
[SourceDate "2002.11.25"]
[SourceVersion "1"]
[SourceVersionDate "2002.11.25"]
[SourceQuality "1"]

1. e4 g6 2. d4 Bg7 3. Nf3 d6 4. h3 c6 5. a4 Nf6 6. Nc3 0-0 7. Be3 Qa5 8. Nd2 Be6 9. Bd3 Na6 10. 0-0 Nb4 11. Be2 d5 12. e5 Nd7 13. Nb3 Qc7 14. f4 f6 15. Qd2 a5 16. Rac1 fxe5 17. fxe5 Rxf1+ 18. Rxf1 Bf5 19. Rc1 Qb6 20. g4 Be6 21. Bf3 Rf8 22. Kg2 Qd8 23. Ne2 Kh8 24. Nf4 Bg8 25. h4 c5 26. c3 Nc6 27. Bxd5 Rxf4 28. Bxc6 Rxg4+ 29. Kh3 Be6 30. Bxd7 Qxd7 31. d5 Rd4+ 32. dxe6 Qxe6+ 33. Kg2 Qg4+ 34. Kf2 Qxh4+ 35. Ke2 Qg4+ 36. Kf2 Rxd2+ 37. Nxd2 Bxe5 38. Rf1 Bg3+ 0-1

[Event "Casino op 3rd"]
[Site "Velden"]
[Date "1995.??.??"]
[Round "2"]
[White "Bergen, Peter"]
[Black "Mayr, Thomas"]
[Result "1/2-1/2"]
[WhiteElo "2065"]
[BlackElo "1730"]
[PlyCount "64"]
[EventDate "1995.06.30"]
[EventType "swiss"]
[EventRounds "9"]
[EventCountry "AUT"]
[SourceTitle "EXT 2022"]
[Source "ChessBase"]
[SourceDate "2021.10.06"]
[SourceVersion "1"]
[SourceVersionDate "2021.10.06"]
[SourceQuality "1"]

1. d4 d5 2. c4 c6 3. Nf3 Nf6 4. Nc3 e6 5. Bg5 dxc4 6. e4 b5 7. e5 h6 8. Bh4 g5 9. Nxg5 hxg5 10. Bxg5 Nbd7 11. g3 Bb7 12. Bg2 Qb6 13. exf6 0-0-0 14. 0-0 Ne5 15. dxe5 Rxd1 16. Raxd1 b4 17. Ne4 Qa5 18. Bf4 c5 19. a3 Bxe4 20. Bxe4 Bh6 21. Bxh6 Rxh6 22. f4 bxa3 23. f5 Rh8 24. fxe6 fxe6 25. bxa3 Qc3 26. Rde1 Qd2 27. Bg2 c3 28. h3 c2 29. g4 Rd8 30. Bf3 Rh8 31. Bg2 Rd8 32. Bf3 Rh8 1/2-1/2

[Event "Casino op 3rd"]
[Site "Velden"]
[Date "1995.??.??"]
[Round "1"]
[White "Mayr, Thomas"]
[Black "Biberle, Bernhard"]
[Result "1/2-1/2"]
[WhiteElo "1730"]
[BlackElo "2066"]
[PlyCount "34"]
[EventDate "1995.06.30"]
[EventType "swiss"]
[EventRounds "9"]
[EventCountry "AUT"]
[SourceTitle "EXT 2022"]
[Source "ChessBase"]
[SourceDate "2021.10.06"]
[SourceVersion "1"]
[SourceVersionDate "2021.10.06"]
[SourceQuality "1"]

1. e4 e5 2. Nf3 d5 3. exd5 e4 4. Qe2 Nf6 5. Nc3 Be7 6. Nxe4 Nxd5 7. d4 0-0 8. c4 Nf6 9. Nxf6+ Bxf6 10. Qd3 Re8+ 11. Be3 c5 12. 0-0-0 Nc6 13. dxc5 Qa5 14. a3 Rd8 15. Qc2 Rxd1+ 16. Kxd1 Bg4 17. Be2 g6 1/2-1/2

[Event "Casino op 3rd"]
[Site "Velden"]
[Date "1995.??.??"]
[Round "9"]
[White "Mayr, Thomas"]
[Black "Frech, Josef"]
[Result "1-0"]
[WhiteElo "1730"]
[BlackElo "1668"]
[PlyCount "135"]
[EventDate "1995.06.30"]
[EventType "swiss"]
[EventRounds "9"]
[EventCountry "AUT"]
[SourceTitle "EXT 2022"]
[Source "ChessBase"]
[SourceDate "2021.10.06"]
[SourceVersion "1"]
[SourceVersionDate "2021.10.06"]
[SourceQuality "1"]

1. e4 c5 2. Nf3 Nc6 3. d4 cxd4 4. Nxd4 Nf6 5. Nc3 d6 6. Be3 Bg4 7. f3 Bd7 8. Bc4 a6 9. a4 Rc8 10. Bb3 Na5 11. Ba2 Nc4 12. Bxc4 Rxc4 13. Qd3 Rc8 14. 0-0 g6 15. Nde2 Bg7 16. a5 0-0 17. Bb6 Qe8 18. Nf4 Bc6 19. Rfd1 Nd7 20. Nfd5 Ne5 21. Qe2 Qd7 22. f4 Bxd5 23. Nxd5 Nc4 24. c3 e6 25. Nb4 Nxb6 26. axb6 Qd8 27. Qf2 Rc4 28. Qe3 Qd7 29. Qd3 Qb5 30. b3 Rxc3 31. Qxb5 axb5 32. Ra7 Rxb3 33. Na2 Rb8 34. Rxd6 Bf8 35. Rd7 Bc5+ 36. Kf1 Rb1+ 37. Ke2 Rb2+ 38. Kf3 Bxb6 39. Raxb7 Rxb7 40. Rxb7 Rf2+ 41. Kg3 Rxa2 42. Rxb6 Rb2 43. Kf3 h5 44. g3 Rxh2 45. Rxb5 Rd2 46. Ke3 Rd7 47. Rb6 Kg7 48. Rb5 Kf6 49. Re5 Rb7 50. Kf3 Ke7 51. Ra5 Kd6 52. Ra8 e5 53. Ra6+ Kc5 54. fxe5 g5 55. Rh6 Rb3+ 56. Kf2 g4 57. Rxh5 Rf3+ 58. Kg2 Re3 59. e6+ Kd6 60. exf7 Ke7 61. Rf5 Kf8 62. e5 Re2+ 63. Kf1 Rb2 64. e6 Rb1+ 65. Ke2 Rb2+ 66. Ke3 Rb6 67. Rf6 Rb8 68. Kf4 1-0

[Event "Casino op 3rd"]
[Site "Velden"]
[Date "1995.??.??"]
[Round "7"]
[White "Mayr, Thomas"]
[Black "Manfeldt, Alfred"]
[Result "1/2-1/2"]
[WhiteElo "1730"]
[BlackElo "1739"]
[PlyCount "113"]
[EventDate "1995.06.30"]
[EventType "swiss"]
[EventRounds "9"]
[EventCountry "AUT"]
[SourceTitle "EXT 2022"]
[Source "ChessBase"]
[SourceDate "2021.10.06"]
[SourceVersion "1"]
[SourceVersionDate "2021.10.06"]
[SourceQuality "1"]

1. e4 d6 2. d4 Nf6 3. Nc3 Nbd7 4. Bc4 e6 5. Nf3 Nb6 6. Bb3 Be7 7. 0-0 0-0 8. Re1 c5 9. dxc5 dxc5 10. Qe2 Bd7 11. Bf4 Qc8 12. a3 Rd8 13. Rad1 Be8 14. Rxd8 Bxd8 15. Nb5 Bxb5 16. Qxb5 a6 17. Qe2 Bc7 18. Bxc7 Qxc7 19. e5 Nfd7 20. c4 Nc8 21. Bc2 h6 22. Qe4 Nf8 23. g4 Ne7 24. g5 hxg5 25. Nxg5 Nf5 26. Qg4 Rd8 27. Bxf5 exf5 28. Qxf5 Re8 29. Re3 Qd7 30. Rf3 Qxf5 31. Rxf5 Re7 32. e6 f6 33. Ne4 b6 34. f3 Rxe6 35. Rd5 Ng6 36. Kf2 Ne5 37. b3 Kh7 38. Rd6 Rxd6 39. Nxd6 Nd3+ 40. Ke3 Nc1 41. b4 cxb4 42. axb4 Na2 43. b5 axb5 44. cxb5 Nc3 45. Kd4 Na4 46. Kd5 Kg6 47. Kc6 Kg5 48. Nc4 Nc3 49. Nxb6 Nxb5 50. Kxb5 Kf4 51. Kc4 Kxf3 52. Kd3 g5 53. Nc4 f5 54. Ne5+ Kf2 55. Nf7 g4 56. Nh6 Kg2 57. Nxf5 1/2-1/2

[Event "Casino op 3rd"]
[Site "Velden"]
[Date "1995.??.??"]
[Round "6"]
[White "Schuett, Wilhelm"]
[Black "Mayr, Thomas"]
[Result "1-0"]
[WhiteElo "2062"]
[BlackElo "1730"]
[PlyCount "81"]
[EventDate "1995.06.30"]
[EventType "swiss"]
[EventRounds "9"]
[EventCountry "AUT"]
[SourceTitle "EXT 2022"]
[Source "ChessBase"]
[SourceDate "2021.10.06"]
[SourceVersion "1"]
[SourceVersionDate "2021.10.06"]
[SourceQuality "1"]

1. d4 d5 2. c4 c6 3. Nf3 Nf6 4. Nc3 e6 5. e3 Nbd7 6. Qc2 Bd6 7. Bd2 0-0 8. h3 Re8 9. g4 g6 10. 0-0-0 dxc4 11. Bxc4 b5 12. Bd3 Bb7 13. g5 b4 14. gxf6 bxc3 15. Bxc3 Qxf6 16. Be4 Qe7 17. Rhg1 f5 18. Bd3 c5 19. e4 c4 20. Bxc4 Bxe4 21. Qe2 Rac8 22. Nd2 Bf4 23. f3 Bxf3 24. Bxe6+ Qxe6 25. Qxf3 Bxd2+ 26. Kxd2 Qe4 27. Qxe4 Rxe4 28. Rde1 Rce8 29. Kd3 Nb6 30. Bd2 Rxe1 31. Rxe1 Rxe1 32. Bxe1 Kf7 33. Ba5 Ke6 34. Bxb6 axb6 35. a4 g5 36. b4 g4 37. hxg4 fxg4 38. a5 bxa5 39. bxa5 g3 40. Ke2 Kd6 41. a6 1-0